| 000 | 01425nam0a22002891 4500 | ||
|---|---|---|---|
| 001 | rc\2332573 | ||
| 005 | 20260408001535.0 | ||
| 035 | _a(NLR Aleph) 006676810 | ||
| 090 |
_a5041649 _c5041649 |
||
| 100 | _a20110829d1977 |||y0rusy50 ca | ||
| 101 | 0 | _arus | |
| 102 | _aRU | ||
| 105 | _ay z ||||| | ||
| 200 | 1 |
_aПреподавание курса химии на подготовительных отделениях вузов _eМетод. разраб. _e[Сборник] _fМ-во высш. и сред. спец. образования СССР, Научн-метод. кабинет по высш. образованию и повышению квалификации _gПод ред. проф., д-ра хим. наук Н.С. Ахметова |
|
| 210 |
_aМосква _cБ. и. _d1977 |
||
| 215 |
_a48 с. _d20 |
||
| 606 |
_aХимия _jМетод. пособия _2rkp |
||
| 702 | 1 |
_4340 _7ca _8rus _aАхметов _bН. С. _f1926-2006 _gНаиль Сибгатович _3RU\NLR\AUTH\775012 _9114983 |
|
| 712 | 0 | 2 |
_aНаучно-методический кабинет по высшему образованию и повышению квалификации _cМосква _3RU\NLR\AUTH\8810165840 _9827693 |
| 801 | 0 |
_aRU _bNLR _gpsbo |
|
| 801 | 1 |
_aRU _bELAR _2rusmarc |
|
| 852 |
_aNLR _j77-4/28090 |
||
| 899 |
_aRuMoRGB _jБ 77-56/1607 |
||
| 899 |
_aRuMoRGB _jБ 77-56/1608 |
||
| 942 | _cBOOK | ||
| 980 | _aNB | ||